| 000 | 00807nam a2200229 i 4500 | ||
|---|---|---|---|
| 001 | 89104 | ||
| 003 | ES-MaACL | ||
| 005 | 20230906180057.0 | ||
| 007 | t| | ||
| 008 | 050201s2001 sp ||||1| spa d | ||
| 020 | _a84-9705-029-0 | ||
| 080 | _a821.134.2 Montengón, Pedro 1.06 | ||
| 100 | 1 |
_aBlanco, Rogelio. _929204 |
|
| 245 | 1 | 0 |
_aPedro Montengón y Paret (1745-1824) _b: un ilustrado entre la utopía y la realidad / _cRogelio Blanco Martínez. |
| 260 |
_aValencia : _bUniversidad Politécnica de Valencia, _c[2001] |
||
| 300 |
_a414 p. ; _c22 cm. |
||
| 490 | 1 |
_aColección Letras humanas ; _v4 |
|
| 600 | 1 | 4 |
_aMontengón, Pedro ( _d1745-1824)- _xHistoria y crítica. _982459 |
| 830 | 0 |
_aColección Letras humanas ; _v4 _9184298 |
|
| 852 |
_aES-MaACL _jL-28738 _bR.135177 |
||
| 999 |
_c89104 _d89104 |
||